000 00265nam a2200121Ia 4500
008 191201s2019 xx 000 0 und d
100 _aDUTT, Saikat
245 0 _aMachine Learning
260 _bPearsons
300 _a428
650 _aB.Tech(IT)
942 _2ddc
_cBK
999 _c7052
_d7052